gravity falls trivia or whatever - Statistics

General Stats
  • This quiz has been taken 175 times
  • The average score is 8 of 20
Answer Stats
tirvia Answer % Correct
What did said first boyfriend turn out to be? Gnomes
92%
What state in Gravity Falls located in? Oregon
74%
What song does Bill sing in Weirdmageddon? (i forgot which one) We'll Meet Again
74%
My ex-wife still misses me, BUT HER AIM IS GETTING BETTER!!!
72%
What's Mabel's first boyfriend's name? Norman
72%
What's Dipper's real name? Mason
63%
What's the name of Stan and Ford's boat? Stan'o'War
53%
What's the goat's name? Gompers
52%
Who is Blubs dating? Durland
46%
Who was most likely Stan's ex-wife? (watch toh to know or something) Eda Clawthorne
36%
What's McGucket's full name? Fiddleford Hadron McGucket
34%
Who voiced Ford? (he also voiced the yellow m&m!) J. K. Simmons
29%
What is Dipper and Mabel's hometown? Piedmont, California
24%
What episode does Bill Cipher first appear in? (no theme song, carpets, windows, ect) Dreamscaperers
22%
What is Stan's license plate? STNLYMBL
22%
What's the seventh episode of season 2? Society of the Blind Eye
13%
What's the bootleg version of Bill Cipher? Pyramid Steve
11%
What's the last episode? (no fourth one!) Weirdmageddon 3: Take Back the Falls
11%
Where is the real life Bill Cipher statue currently residing in? Confusion Hill
8%
What's Wendy's middle name? Blerble
5%
No matching quizzes found
Score Distribution
Percent of People with Each Score
Percentile by Number Answered
Your Score History
You have not taken this quiz